| 000 | 00566nam a2200205Ia 4500 | ||
|---|---|---|---|
| 005 | 20250508162756.0 | ||
| 008 | 008 250505s9999 xx 000 0 eng d | ||
| 020 | _a0-19-914269-6 | ||
| 037 | _aTextual | ||
| 040 |
_aFEDL _beng _cFEDL |
||
| 041 |
_aeng _2eng |
||
| 084 |
_a500, BET _qFEDL |
||
| 100 |
_aBethell George _9774008 |
||
| 245 | 0 | _aIntegrated science 2 | |
| 260 |
_aOxford _bOxford University Press _c1991 |
||
| 300 | _a254p. | ||
| 700 |
_a Coppock David Pebworth Lynne _9774026 |
||
| 942 |
_cTEXL _h500, BET |
||
| 999 |
_c1378637 _d1378637 |
||